000 00986nam a2200277Ia 4500
001 Para_10417
003 CHAP
008 220125sSept xx 000 0 und d
010 _a209097
040 _cCHAP
090 _aPA CD - TESIS 444
100 _aEstrada Arroyo, Guillermo
_9129845
245 _aFilogenia, distribución y patogenicidad de Lasiodiplodia spp. de mango en México /
_c Guillermo Estrada Arroyo y Rafael Macedo Arzate; Director Santos Gerardo Leyva Mir
260 _aChapingo, Méx. :
_b el autor
300 _a1 CDS ROM (57 p.)
502 _aTesis (Ing. Agr. Esp. en Parasitología Agrícola). UACh. Departamento Parasitología Agrícola
700 _aLeyva Mir, Santos Gerardo. Director
_9171335
710 _aUACh Departamento Parasitología Agrícola
901 _aPA CD - TESIS 444
902 _aM
905 _a513220Septiembre,2015 abnm8100000000 06
910 _aSept
942 _cPARA
942 _cPARA
_d2
999 _c209097
_d209097